| 000 | 00354nam a2200145Ia 4500 | ||
|---|---|---|---|
| 008 | 230917s9999||||xx |||||||||||||| ||und|| | ||
| 040 |
_e62133 _aMAIN |
||
| 041 | _aEnglish | ||
| 082 | _a323.4 F927F | ||
| 100 | _aFromm, Erich | ||
| 245 | 4 | _aThe fear of freedom | |
| 260 |
_aLondon _bRoutledge & Kegan Paul _c1977 |
||
| 300 | _axi, 257 p. | ||
| 942 | _cBK | ||
| 999 |
_c187732 _d187732 |
||